Detalles MARC
| 000 -LÍDER |
| Campo fijo de descripción fija |
02038nam a2200349 i 4500 |
| 001 - NÚMERO DE CONTROL |
| Campo de control |
768714001 |
| 003 - IDENTIFICADOR DEL NÚMERO DE CONTROL |
| Campo de control |
CO-MdFUSB |
| 005 - FECHA Y HORA DE LA ULTIMA TRANSACCIÓN |
| control field |
20220706114914.0 |
| 007 - CAMPO FIJO DE DESCRIPCIÓN FIJA--INFORMACIÓN GENERAL |
| Campo fijo de descripción fija |
ta |
| 008 - ELEMENTOS DE LONGITUD FIJA -- INFORMACIÓN GENERAL |
| Campo fijo de descripción fija -- Información general |
891212t19881969xxu eng |
| 020 ## - NÚMERO INTERNACIONAL NORMALIZADO PARA LIBROS |
| Número Internacional Normalizado del libro |
0810104598 |
| 040 ## - FUENTE DE CATALOGACIÓN |
| Agencia de catalogación original |
SpMaBN |
| Idioma de catalogación |
spa |
| Agencia que realiza la transcripción |
CO-MdFUSB |
| Convenciones de la descripción |
rdc |
| Agencia que realiza la modificación |
CO-MdFUSBC |
| 041 ## - CÓDIGO DE IDIOMA |
| Código de idioma para texto/pista de sonido o título separado |
eng |
| 082 ## - NÚMERO DE CLASIFICACIÓN DECIMAL DEWEY |
| Número de la edición del Dewey |
23 |
| Número de clasificación |
121.686 |
| Clave de autor-Numero de item |
P175 |
| 100 1# - ASIENTO PRINCIPAL--NOMBRE PERSONAL |
| Nombre personal |
Palmer, Richard E. |
| 245 10 - TÍTULO |
| Título del Material |
Hermeneutics : |
| Parte restante del título - Subtitulo |
interpretation theory in Schleiermacher, Dilthey, Heidegger, and Gadamer |
| Mención de responsabilidad, etc. |
/ Richard E. Palmer |
| 264 #1 - PRODUCCIÓN, PUBLICACIÓN, DISTRIBUCIÓN, MANUFACTURA, Y COPYRIGHT |
| Lugar de producción, publicación, distribución, manufactura |
Evanston |
| Nombre del productor, publicador, distribuidor |
Northwestern University Press, |
| Fecha de producción, publicación, distribución, manufactura, o copyright |
[1969] |
| 264 #4 - PRODUCCIÓN, PUBLICACIÓN, DISTRIBUCIÓN, MANUFACTURA, Y COPYRIGHT |
| Fecha de producción, publicación, distribución, manufactura, o copyright |
© 1969 |
| 300 ## - DESCRIPCIÓN FÍSICA |
| Extensión |
283 páginas ; |
| Dimensiones |
23 cm |
| 336 ## - TIPO DE CONTENIDO |
| Fuente |
rdacontent |
| Término de tipo de contenido |
texto |
| Código de tipo de contenido |
txt |
| 337 ## - TIPO DE MEDIO |
| Fuente |
rdamedia |
| Nombre del tipo de medio |
sin mediación |
| Código del tipo de medio |
n |
| 338 ## - TIPO DE SOPORTE |
| Fuente |
rdacarrier |
| Nombre del tipo de soporte |
volumen |
| Código Tipo de soporte |
nc |
| 490 ## - MENCIÓN DE SERIE |
| Mención de serie |
Northwestern University studies in phenomenology and existential philosophy. |
| 505 ## - NOTA DE CONTENIDO |
| Título |
Parte 1. Sobre la definición, alcance y significado de la hermenéutica; |
| Nota de contenido con formato preestablecido |
Introducción. -- Hermeneuein y Hermeneia: el significado moderno de su uso antiguo. -- Seis definiciones modernas de Hermenéutica. -- La batalla contemporánea sobre la hermenéutica: Betti versus Gadamer. -- El significado y alcance de la hermenéutica.<br/> |
| 505 ## - NOTA DE CONTENIDO |
| Título |
Parte 2. Cuatro teóricos principales |
| Nota de contenido con formato preestablecido |
Dos precursores de Schleiermacher. -- El proyecto de Schleiermacher de una hermenéutica general. -- Dilthey: la hermenéutica como fundamento de las Geisteswissenschaften. -- La contribución de Heidegger a la hermenéutica en Ser y tiempo. -- La contribución posterior de Heidegger a la teoría hermenéutica. -- La crítica de Gadamer a la conciencia histórica y estética moderna. -- La hermenéutica dialéctica de Gadamer.<br/> |
| 505 ## - NOTA DE CONTENIDO |
| Título |
Parte 3. Un manifiesto hermenéutico para la interpretación literaria estadounidense: |
| Nota de contenido con formato preestablecido |
Hacia la reapertura de la pregunta: ¿Qué es la interpretación? Treinta tesis sobre interpretación. |
| 563 ## - NOTA DE ENCUADERNACIÓN |
| Nota de encuadernación |
Rústico |
| 650 #0 - ASIENTO SECUNDARIO DE MATERIA - TERMINO TEMÁTICO |
| Término temático o nombre geográfico como elemento de entrada |
Hermenéutica |
| 9 (RLIN) |
6805 |
| Subdivisión general |
Filosofía. |
| 942 ## - TIPO DE MATERIAL (KOHA) |
| Tipo de Item KOHA |
Libros General |
| 945 ## - INFORMACIÓN LOCAL DEL REGISTRO |
| Catalogador |
JTF-925 |